| 000 | 00760nam a2200241 u 4500 | ||
|---|---|---|---|
| 005 | 20241113063735.0 | ||
| 008 | 150825s2012 es r 000 0 spa d | ||
| 020 | _a9788499804736 | ||
| 035 | _aUPN01000205419 | ||
| 049 | _aCG | ||
| 050 | 4 |
_aLB1541 _bS5.4 |
|
| 245 | 0 | 0 |
_a7 ideas clave : _bla competencia cultural y artística / _ccoord. Pep Alsina. |
| 260 |
_aBarcelona, Esp. : _bGraó, _c2012. |
||
| 300 | _a174 p. | ||
| 440 | 0 |
_aIdeas clave ; _v18. _pDidáctica de la educación musical |
|
| 650 | 4 |
_aArte _xEstudio y enseñanza _9207 |
|
| 650 | 7 |
_aActividades creativas _2 _9137 |
|
| 650 | 4 |
_aMúsica _xEstudio y enseñanza _9174 |
|
| 650 | 7 |
_aAptitud creadora _2 _91354 |
|
| 700 | 1 |
_aMasmitja, Pep Alsina, _ecoord. |
|
| 905 | _aLibro | ||
| 999 |
_c177520 _d177520 |
||